000 01590nam0a22003011 4500
001 rc\2789286
005 20260407113246.0
035 _a(NLR Aleph) 006915425
090 _a7391035
_c7391035
100 _a20110915d1935 |||y0rusy50 ca
101 0 _arus
102 _aRU
105 _aace z |||||
200 1 _aПаровозы ФД-ИС
_eУстройство и уход
_fАвторы Коллектив Техбюро НКВД и инж-ры Р. П. Гриненко, П. Н. Догадкин, П. И. Тахтаулов
_gОтв. ред. И. А. Грач
210 _aМосква
_cРедбюро Локомотивопроекта
_d1935
_eЛенинград
_eМосква
_gтип. "Коминтерн"
_gтип. им. Сталина
215 _aПереплет, XV, 395 с., 4 вкл. л. портр., черт.
_cил.
_d25х19 см.
300 _aНа обороте тит. л.: "Авторы коллектив Техбюро НКВД и инж-ры Р. П. Гриненко, П. Н. Догадкин и П. И. Тахтаулов"
300 _aПереплет: П. Г. Таежный
702 1 _aТахтаулов
_bП.И.
_4570
702 1 _aГрач
_bИ.А.
_gИзяслав Александрович
_4340
702 1 _aДогадкин
_bП.Н.
_4570
702 1 _aГриненко
_bР.П.
_gРоман Петрович
_4570
712 0 1 _aСССР
_bНародный комиссариат внутренних дел
_3RU\NLR\AUTH\889942802
_9380627
801 0 _aRU
_bNLR
_gpsbo
801 1 _aRU
_bELAR
_2rusmarc
852 _aNLR
_j35-5/365
942 _cBOOK
980 _aNB